Vasco Núñez de Balboa / (Record no. 185384)
[ view plain ]
| 000 -LEADER | |
|---|---|
| campo de control de longitud fija | 01400nam a2200325 i 4500 |
| 001 - NÚMERO DE CONTROL | |
| campo de control | 185384 |
| 003 - IDENTIFICADOR DE NÚMERO DE CONTROL | |
| campo de control | SpMaBN |
| 005 - FECHA Y HORA DE LA ÚLTIMA TRANSACCIÓN | |
| campo de control | 20241010115403.0 |
| 008 - DATOS DE LONGITUD FIJA--INFORMACIÓN GENERAL | |
| campo de control de longitud fija | 160527s2013 sp abo |||| |bspa d |
| 020 ## - NÚMERO INTERNACIONAL ESTÁNDAR DEL LIBRO | |
| Número Internacional Estándar del Libro | 978-84-616-7180-9 |
| 080 ## - NÚMERO DE LA CLASIFICACIÓN DECIMAL UNIVERSAL | |
| Número de la Clasificación Decimal Universal | 929 Núñez de Balboa, Vasco |
| 080 ## - NÚMERO DE LA CLASIFICACIÓN DECIMAL UNIVERSAL | |
| Número de la Clasificación Decimal Universal | 910.4(7/8)"16" |
| 100 1# - ENTRADA PRINCIPAL--NOMBRE DE PERSONA | |
| Nombre de persona | Royano Gutiérrez, Lourdes. |
| 9 (RLIN) | 159676 |
| 245 10 - MENCIÓN DEL TÍTULO | |
| Título | Vasco Núñez de Balboa / |
| Mención de responsabilidad, etc. | [textos, Lourdes Royano Gutiérrez, Sergio Martínez Martínez, Mª Teresa de la Fuente Royano]. |
| 260 ## - PUBLICACIÓN, DISTRIBUCIÓN, ETC. | |
| Lugar de publicación, distribución, etc. | Potes, Cantabria : |
| Nombre del editor, distribuidor, etc. | Casa de Cultura de Potes ; |
| Lugar de publicación, distribución, etc. | México : |
| Nombre del editor, distribuidor, etc. | Frente de Afirmación Hispanista, |
| Fecha de publicación, distribución, etc. | [2013] |
| 300 ## - DESCRIPCIÓN FÍSICA | |
| Extensión | 44 p. : |
| Otras características físicas | il. col., mapas ; |
| Dimensiones | 29 cm. |
| 490 1# - MENCIÓN DE SERIE | |
| Mención de serie | Colección Museo Cartográfico "Juan de la Cosa" ; |
| Designación de volumen o secuencia | 8 |
| 500 ## - NOTA GENERAL | |
| Nota general | Apéndice documental. |
| 504 ## - NOTA DE BIBLIOGRAFÍA, ETC. | |
| Nota de bibliografía, etc. | Referencias bibliográficas. |
| 596 ## - NOTA AL PIE DE IMPRENTA | |
| NOTA AL PIE DE IMPRENTA | En cub.: Museo Cartográfico Juan de la Cosa. |
| 600 14 - PUNTO DE ACCESO ADICIONAL DE MATERIA--NOMBRE DE PERSONA | |
| Nombre de persona | Núñez de Balboa, Vasco, |
| Fechas asociadas al nombre | ca. 1475-1517 |
| 9 (RLIN) | 86182 |
| 651 #7 - PUNTO DE ACCESO ADICIONAL DE MATERIA--NOMBRE GEOGRÁFICO | |
| Nombre geográfico | América- |
| Subdivisión general | Descubrimientos y exploraciones- |
| -- | Españoles. |
| 9 (RLIN) | 138324 |
| 700 1# - ENTRADA AGREGADA--NOMBRE PERSONAL | |
| Nombre de persona | Martínez Martínez Sergio. |
| 9 (RLIN) | 148654 |
| 700 1# - ENTRADA AGREGADA--NOMBRE PERSONAL | |
| Nombre de persona | Fuente Royano, María Teresa de la. |
| 9 (RLIN) | 148656 |
| 710 2# - ENTRADA AGREGADA--NOMBRE DE ENTIDAD CORPORATIVA | |
| Nombre de entidad corporativa o nombre de jurisdicción como elemento de entrada | Museo Cartográfico Juan de la Cosa. |
| 9 (RLIN) | 159677 |
| 710 2# - ENTRADA AGREGADA--NOMBRE DE ENTIDAD CORPORATIVA | |
| Nombre de entidad corporativa o nombre de jurisdicción como elemento de entrada | Frente de Afirmación Hispanista, A.C. |
| 9 (RLIN) | 159234 |
| 830 0# - PUNTO DE ACCESO ADICIONAL DE SERIE-TÍTULO UNIFORME | |
| Título uniforme | Colección Museo Cartográfico "Juan de la Cosa" ; |
| Designación de volumen o secuencia | 8 |
| 9 (RLIN) | 192287 |
| 852 ## - LOCALIZACIÓN | |
| Ubicación | ES-MaACL |
| Número de control de estantería | 2330-F-17 |
| Estatus retirado | Estado de pérdida | Estado de daño | No para préstamo | Colección | Biblioteca de origen | Biblioteca actual | Ubicación en estantería | Fecha de adquisición | Fuente de adquisición | Total de préstamos | Signatura topográfica completa | Código de barras | Visto por última vez | Precio de reemplazo | Tipo de ítem Koha |
|---|---|---|---|---|---|---|---|---|---|---|---|---|---|---|---|
| Colección de folletos | Biblioteca del Ateneo de Madrid | Biblioteca del Ateneo de Madrid | Depósito folletos | 27/05/2016 | 2330-F-17 | 1195312 | 23/02/2023 | 23/02/2023 | Folleto |
